| 000 | 01383nam a2200337 i 4500 | ||
|---|---|---|---|
| 003 | EG-GICUC | ||
| 005 | 20260122144715.0 | ||
| 008 | 260122s2007 ua ||||fr|||| 00| 0 ara d | ||
| 040 |
_a EG-GICUC _bara _c EG-GICUC _d EG-GICUC _erda |
||
| 041 | 0 | _aara | |
| 082 | 0 | 4 |
_221 _a345.7 _bر ح . ع |
| 092 | 0 | 4 | _221 |
| 099 | _aLaw1 07 345.7 ر ح . ع 2007 | ||
| 100 | 0 |
_aرحيمة الصغير ساعد نمديلي _eمؤلف. |
|
| 245 | 1 | 2 |
_aالعقد الإداري الإلكتروني : _bدراسة تحليلية مقارنة / _cتأليف رحيمة الصغير ساعد نمديلي ؛ تقديم الأستاذ الدكتور ماجد راغب الحلو . |
| 264 | 1 |
_aالاسكندرية : _bدار الجامعة الجديدة، _c2007. |
|
| 300 |
_a261 ؛ صفحة _c24 سم. |
||
| 336 |
_2rda content _atext |
||
| 337 |
_2rda media _aComputer |
||
| 338 |
_2rda carrier _aOnline Resource |
||
| 504 | _a.248-258 ببليوجرافيا: صفحات | ||
| 504 | _aيشتمل على إرجاعات ببليوجرافية | ||
| 546 | _aالنص باللغة العربية | ||
| 650 | 1 | 4 |
_aالعقود الإدارية _2qrmak |
| 650 | 1 | 4 |
_aالقانون الإداري _2qrmak |
| 651 | 1 | _2qrmak | |
| 700 |
_aماجد راغب الحلو _eمقدم. |
||
| 856 | 4 | 0 | _uhttps://fll.law.cu.edu.eg/fulltext/bks/B07-02977.pdf |
| 905 | _a77 | ||
| 942 |
_2ddc _cBK _e21 _n0 |
||
| 999 |
_c58669 _d58669 |
||